000 00710nam a2200229 a 4500
999 _c466
_d466
008 190820r20132014ii ad||gd|||| 001 0 eng d
020 _a97881833316303
_cRs. 270.00
040 _aIMU Kochi Library
_beng
041 0 _aeng
044 _aii
082 0 4 _223
_a005.133
_bK1317
100 1 _aKanetkar, Yashavant P.
245 1 0 _aLet Us C /
_cYashavant P. Kanetkar
250 _a13th rev. ed.
260 _aNew Delhi :
_bBPB Publications,
_c2013, reprinted 2014
300 _axv, 656 p. :
_bill. ;
_c22 cm.
500 _aIncludes index.
650 0 _aC (Computer program language)
_vTextbooks
650 0 _aProgramming languages (Electronic computers)
_vTextbooks
650 0 _aComputers
_vTextbooks
942 _cBK